Unscramble the countries - Statistics

General Stats
  • This quiz has been taken 87 times
  • The average score is 16 of 20
Answer Stats
Answer % Correct
Iraq
100%
Japan
97%
India
96%
Morocco
95%
Kosovo
92%
Brazil
89%
Canada
89%
Liechtenstein
89%
Tanzania
89%
Tuvalu
86%
Tajikistan
85%
Azerbaijan
84%
France
74%
Luxembourg
71%
Slovenia
70%
Nigeria
67%
Kiribati
66%
Iceland
62%
Colombia
60%
Portugal
51%
No matching quizzes found
Score Distribution
Percent of People with Each Score
Percentile by Number Answered
Your Score History
You have not taken this quiz